| 000 | 00689nam a22002297a 4500 | ||
|---|---|---|---|
| 003 | OSt | ||
| 005 | 20220107122856.0 | ||
| 008 | 191122b xxu||||| |||| 00| 0 eng d | ||
| 020 | _a9781773615554 | ||
| 040 | _cIIITMK | ||
| 082 | _a005.8 MOR/P | ||
| 100 |
_aMoreira, Olga (Ed.) _917118 |
||
| 245 |
_aProbabilistic inference and statistical methods in network analysis _cOlga Moreira |
||
| 260 |
_aCanada, _bArcler Press, _c2019. |
||
| 300 | _axxiv, 475p. | ||
| 650 |
_aCOMPUTER SCIENCE _917476 |
||
| 650 |
_aNETWORK ANALYSIS _917477 |
||
| 650 |
_aSTATISTICAL METHODS _917478 |
||
| 650 |
_aPROBABILISTIC INFERENCE _917479 |
||
| 650 |
_aSOCIAL NETWORK ANALYSIS _917480 |
||
| 942 |
_2ddc _cBK |
||
| 999 |
_c6660 _d6660 |
||